000 00736nam a2200217 i 4500
001 70014
003 ES-MaACL
005 20230906170707.0
007 t|
008 040715s1978 sp b |||| | spa d
080 _a016:75(46)
100 1 _aGarcía Melero, José Enrique.
_954931
245 1 0 _aAproximación a una bibliografía de la pintura española /
_cJosé Enrique García Melero.
246 3 4 _aBibliografía de la pintura española
260 _aMadrid :
_bFundación Universitaria Española,
_c1978.
300 _aCCXXVII, 942 p. ;
_c24 cm.
500 _aÍndices.
650 4 _aPintura española-
_vBibliografías.
_9158811
710 2 _aFundación Universitaria Española.
_94426
852 _aES-MaACL
_jL-6896
_bR.107040
999 _c70014
_d70014